"Féltem a nagy pofonoktól" Beszélgetés Sándor András ökölvívóval /
Elmentve itt :
| Szerző: | |
|---|---|
| Dokumentumtípus: | Cikk |
| Megjelent: |
1984-05-24
|
| Sorozat: | Délmagyarország
74 No. 120 |
| Kulcsszavak: | Sándor András, ökölvivás |
| Online Access: | http://dmarchiv.bibl.u-szeged.hu/99407 |
| LEADER | 00511nab a2200157 i 4500 | ||
|---|---|---|---|
| 001 | delm99407 | ||
| 005 | 20190905094731.0 | ||
| 008 | 190905s1984 hu o 0|| hun d | ||
| 040 | |a SZTE Délmagyarország Archívum |b hun | ||
| 041 | |a hun | ||
| 100 | 1 | |a Imre László | |
| 245 | 1 | 0 | |a "Féltem a nagy pofonoktól" |h [elektronikus dokumentum] : |b Beszélgetés Sándor András ökölvívóval / |c Imre László |
| 260 | |c 1984-05-24 | ||
| 300 | |a 6 | ||
| 490 | 0 | |a Délmagyarország |v 74 No. 120 | |
| 695 | |a Sándor András, ökölvivás | ||